Alla scoperta delle galassie /

Bibliographic Details
Main Author: Boselli, Alessandro
Corporate Author: SpringerLink (Online service)
Format: eBook
Language:Italian
Published: Milan : Springer-Verlag, [2010]
Series:Le Stelle, Collana a cura di Corrado Lamberti
Subjects:
Online Access:Connect to the full text of this electronic book

MARC

Tag First Indicator Second Indicator Subfields
LEADER 00000cam a2200000Ia 4500
001 in00002575800
005 20210727090400.0
006 m d
007 cr cn|
008 100323s2010 it a s 000 0 ita d
020 |a 8847011833 
020 |a 9788847011830 
035 |a (OCoLC)567369947 
035 |a (OCoLC)ocn567369947 
035 |a 3706697 
037 |a 978-88-470-1182-3  |b Springer  |n http://www.springerlink.com 
040 |a GW5XE  |b eng  |c GW5XE  |d UtOrBLW 
049 |a TXAC 
050 4 |a QB857  |b .B674 2010 
082 0 4 |a 523.1/12  |2 22 
100 1 |a Boselli, Alessandro. 
240 1 0 |a À la découverte des galaxies.  |l Italian 
245 1 0 |a Alla scoperta delle galassie /  |c Alessandro Boselli. 
264 1 |a Milan :  |b Springer-Verlag,  |c [2010] 
264 4 |c ©2010 
300 |a 1 online resource :  |b color illustrations 
336 |a text  |b txt  |2 rdacontent 
337 |a computer  |b c  |2 rdamedia 
338 |a online resource  |b cr  |2 rdacarrier 
490 0 |a Le Stelle, Collana a cura di Corrado Lamberti 
500 |a Electronic resource. 
533 |a Electronic reproduction.  |b New York :  |c Springer,  |d 2010.  |n Mode of access: World Wide Web.  |n System requirements: Web browser.  |n Title from title screen (viewed on Feb. 18, 2010).  |n Access may be restricted to users at subscribing institutions. 
650 0 |a Galaxies.  |0 http://id.loc.gov/authorities/subjects/sh85052763 
655 7 |a Electronic books.  |2 local 
710 2 |a SpringerLink (Online service)  |0 http://id.loc.gov/authorities/names/no2005046756 
856 4 0 |u http://proxy.library.tamu.edu/login?url=https://dx.doi.org/10.1007/978-88-470-1183-0  |z Connect to the full text of this electronic book  |t 0 
994 |a 92  |b TXA 
999 |a MARS 
999 f f |s 940238ab-1360-3790-b79e-c1438aaca3d4  |i a63fda7d-ef5d-3b4e-a63e-5db40cd91823  |t 0 
952 f f |a Texas A&M University  |b College Station  |c Electronic Resources  |d Available Online  |t 0  |e QB857 .B674 2010  |h Library of Congress classification 
998 f f |a QB857 .B674 2010  |t 0  |l Available Online